|
|
|
|
| LEADER |
02689nam a2200697 a 4500 |
| 001 |
nkc20061685846 |
| 003 |
CZ PrNK |
| 005 |
20170509140326.0 |
| 007 |
ta |
| 008 |
060816s2006 xr acfhe f 000 0 cze |
| 015 |
|
|
|a cnb001685846
|
| 020 |
|
|
|a 80-903432-5-2
|q (brož.)
|
| 035 |
|
|
|a (OCoLC)124088643
|
| 040 |
|
|
|a BOA001
|b cze
|
| 043 |
|
|
|a e------
|a e-be---
|a e-xr---
|
| 045 |
|
|
|a w0y0
|
| 072 |
|
7 |
|a 355/359
|x Vojenství. Obrana země. Ozbrojené síly
|2 Konspekt
|9 15
|
| 080 |
|
|
|a 061.23
|2 MRF
|
| 080 |
|
|
|a 355.483(437.322)"1805"
|2 MRF
|
| 080 |
|
|
|a 94(4)"1800/1815"
|2 MRF
|
| 080 |
|
|
|a 355.4(091)
|2 MRF
|
| 080 |
|
|
|a 394.46
|2 MRF
|
| 080 |
|
|
|a 316.72/.75
|2 MRF
|
| 080 |
|
|
|a (493)
|2 MRF
|
| 080 |
|
|
|a (437.3)
|2 MRF
|
| 080 |
|
|
|a (4)
|2 MRF
|
| 080 |
|
|
|a (036)
|2 MRF
|
| 100 |
1 |
|
|a Kopecký, František,
|d 1949-
|7 jx20031124114
|4 aut
|
| 245 |
1 |
0 |
|a 200 let tradic bitvy u Slavkova /
|c František Kopecký
|
| 246 |
3 |
|
|a Dvě stě let tradic bitvy u Slavkova
|
| 250 |
|
|
|a Vyd. 1.
|
| 260 |
|
|
|a Brno :
|b Onufrius,
|c 2006
|
| 300 |
|
|
|a 124 s., [2] s. obr. příl. :
|b il., portréty, faksim., geneal. tabulka ;
|c 21 cm
|
| 500 |
|
|
|a Vydáno k 40. výročí prvního příjezdu Norberta Brassinna na slavkovské bojiště
|
| 500 |
|
|
|a 1500 výt.
|
| 504 |
|
|
|a Obsahuje bibliografii
|
| 600 |
1 |
7 |
|a Brassine, Norbert,
|d 1907-1988
|7 ola2006340152
|2 czenas
|
| 610 |
2 |
7 |
|a Československá napoleonská společnost
|7 ko2005275884
|2 czenas
|
| 648 |
|
4 |
|a 1805
|
| 648 |
|
7 |
|a 1800-1815
|7 ch967359
|2 czenas
|
| 650 |
0 |
7 |
|a zájmová sdružení
|7 ph125280
|z Česko
|2 czenas
|
| 650 |
0 |
7 |
|a bitva u Slavkova (1805 : Slavkov u Brna, Česko)
|7 ph118085
|2 czenas
|
| 650 |
0 |
7 |
|a napoleonské války (1800-1815)
|7 ph123166
|2 czenas
|
| 650 |
0 |
7 |
|a vojenské dějiny
|7 ph269104
|z Evropa
|y 1801-1810
|2 czenas
|
| 650 |
0 |
7 |
|a historická výročí
|7 ph120724
|z Evropa
|2 czenas
|
| 650 |
0 |
9 |
|a interest associations
|z Czechia
|2 eczenas
|
| 650 |
0 |
9 |
|a battle of Austerlitz (1805 : Slavkov u Brna, Czechia)
|2 eczenas
|
| 650 |
0 |
9 |
|a Napoleonic Wars (1800-1815)
|2 eczenas
|
| 650 |
0 |
9 |
|a military history
|z Europe
|y 1801-1810
|2 eczenas
|
| 650 |
0 |
9 |
|a historical anniversaries
|z Europe
|2 eczenas
|
| 651 |
|
7 |
|a Belgie
|7 ge128735
|x kulturní vztahy
|2 czenas
|
| 651 |
|
7 |
|a Česko
|7 ge128065
|x kulturní vztahy
|2 czenas
|
| 651 |
|
9 |
|a Belgium
|x cultural relations
|2 eczenas
|
| 651 |
|
9 |
|a Czechia
|x cultural relations
|2 eczenas
|
| 655 |
|
7 |
|a informační publikace
|7 fd132454
|2 czenas
|
| 655 |
|
9 |
|a information publications
|2 eczenas
|
| 910 |
2 |
|
|a BOA001
|b 2-1173.340
|
| 990 |
|
|
|a BK
|
| 995 |
|
|
|a 01
|
| 991 |
|
|
|b 200608
|c NOV
|
| 996 |
6 |
|
|b 2610286911
|c 2-1173.340
|l MZK
|r Sklad / do 1 hodiny
|n 6
|p p.v.
|w 000823723
|u 000010
|a 1
|e BOA001
|j MZK50
|s P
|